000 00406nam a22001337a 4500
020 _qHB.
040 _cFizza Ishaq
082 _a327.441
_bADA
100 _aUlam, B. Adam.
_9133358
245 _aDangerous Relations The Soviet Union in World Politics 1970-1982 /
_c Adam B. Ulam.
260 _aNew York;
_bOxford University Press,
_c1983.
300 _a325 P, ;
_c5.38 x 0.72 x 8 inches
942 _2ddc
_cBK
999 _c616323
_d616323